Sharjah Art Foundation Library

الجديد في السرد العربي المعاصر/ (Record no. 6624)

MARC details
000 -LEADER
fixed length control field 00682nam a2200181Ia 4500
001 - CONTROL NUMBER
control field 6624
008 - FIXED-LENGTH DATA ELEMENTS--GENERAL INFORMATION
fixed length control field 260622s9999 xx 000 0 und d
020 ## - INTERNATIONAL STANDARD BOOK NUMBER
International Standard Book Number 9948043707
245 #0 - TITLE STATEMENT
Title الجديد في السرد العربي المعاصر/
Statement of responsibility, etc. عدالة أحمد محمد إبراهيم
260 ## - PUBLICATION, DISTRIBUTION, ETC.
Place of publication, distribution, etc. الشارقة؛
Name of publisher, distributor, etc. دائرة الثقافة والإعلام؛
Date of publication, distribution, etc. 2006
300 ## - PHYSICAL DESCRIPTION
Extent 292p;
Dimensions 21x13m
490 ## - SERIES STATEMENT
Series statement جائزة الشارقة للإبداع العربي؛
Volume/sequential designation #165
520 ## - SUMMARY, ETC.
Summary, etc. New trends in Contemporary Arabic Narrative. By Ahmad Muhammad Ibrahim.
546 ## - LANGUAGE NOTE
Language note Arabic
650 ## - SUBJECT ADDED ENTRY--TOPICAL TERM
Topical term or geographic name entry element Literary trends
9 (RLIN) 9476
650 ## - SUBJECT ADDED ENTRY--TOPICAL TERM
Topical term or geographic name entry element PJ7501-8517 Arabic literature
942 ## - ADDED ENTRY ELEMENTS (KOHA)
Koha item type Book
Holdings
Withdrawn status Lost status Damaged status Not for loan Collection Home library Current library Date acquired Total Checkouts Full call number Barcode Date last seen Price effective from Koha item type
        Language and Literature SAF Reference Library SAF Reference Library 06/22/2026   PJ7501-8517 90.601 6624 06/22/2026 06/22/2026 Book

Copyright © 2022. Sharjah Art Foundation. All Rights Reserved.